Responses for show #7494 - Thursday, March 23, 2017

Contestants

Stephanie Garrone-Shufran, a teacher educator from Woburn, Massachusetts

Robin Devereux, an art dealer from Durham, North Carolina

Kevin Shrum, a retired adjunct professor from Fort Collins, Colorado (whose 2-day cash winnings total $33,500)

Jeopardy! Round responses

RECENT BESTSELLERS
GRAINS
DECODING THE HITMAKING BAND
POTPOURRI
ON THE BALLOT
PREPOSITION 5
    $200 1
Nike

Kevin
    $200 30
buckwheat

Triple Stumper
    $200 6
the Jackson 5

Kevin
    $200 13
Bigfoot

Kevin
    $200 21
Arkansas

Robin
    $200 16
upon

Stephanie
    $400 2
the Underground Railroad

Kevin
    $400 29
farro

Robin
    $400 7
Parliament

Kevin
    $400 9
schooner

Kevin
    $400 22
(Stephanie: Who is Long?)
(Alex: Which one?)

Huey Long

Stephanie
    $400 17
(Kevin: What is sub?)
[Originally ruled incorrect; ruled correct before the Daily Double]

below (or sub)

KevinRobin
    $600 3
Batman

Triple Stumper
    $600 24
ancient

Stephanie
    $600 8
Florence + the Machine

Stephanie
    $600 10
(Kevin: What is a pan flute?)

a recorder

Kevin
Triple Stumper
    $600 23
Nancy Pelosi

Stephanie
    $600 18
via

Stephanie
    $800 4
Patty Hearst

Stephanie
    $800 25
rye

Kevin
    $800 14
Imagine Dragons

Stephanie
    $800 11
the Eucharist

Stephanie
    $2,000 26
(Kevin: Who is Kennedy?)
...
(Alex: And we have less than a minute to deal with the last few clues.)

Lyndon Johnson

Kevin
    $800 19
along

Robin
    $1000 5
Aziz Ansari

Stephanie
    $1000 28
millet

Kevin
    $1000 15
Stone Temple Pilots

Stephanie
    $1000 12
Wellesley

Robin
    $1000 27
(Robin: Who is Paul Ryan?)

(Russ) Feingold

KevinRobin
    $1000 20
circa

Kevin

Scores at the first commercial break (after clue 15):

Kevin Robin Stephanie
$1,200 $1,000 $5,000

Scores at the end of the Jeopardy! Round:

Kevin Robin Stephanie
$3,400 $1,800 $7,400

Double Jeopardy! Round responses

INSECTS
WHERE IS IT?
NEWER WORDS & PHRASES
BIG SCREEN LITERARY ADAPTATIONS
ARCHITECTURE & BUILDING
"Z" MEN
    $400 11
fleas

Kevin
    $400 16
(Stephanie: What is the Nile?)

the Amazon

KevinStephanie
    $400 21
not suitable for work

Stephanie
    $400 26
The Scarlet Letter

Stephanie
    $400 1
skyscraper

Kevin
    $400 6
Ziegfeld

Kevin
    $800 12
a beetle

Kevin
    $800 17
Phoenix

Kevin
    $800 22
"I'm good"

Stephanie
    $800 27
The Odyssey

Robin
    $800 2
mortar

Kevin
    $800 7
(Stephanie: Who is Zampanelli?)

Louis Zamperini

Stephanie
Triple Stumper
    $1200 13
(Kevin: What is a cucaracha? [*]?)

cockroach

Kevin
    $2,000 18
(Kevin: What is Bogotá?)
(Alex: No, what is [*]. We were hoping the flag would help you.)

Madrid

Kevin
    $1200 23
"we are all"

Triple Stumper
    $1200 28
Heart of Darkness

Kevin
    $1200 3
gingerbread

Robin
    $1200 8
Zapruder

Kevin
    $1600 14
damselflies

Kevin
    $1600 19
Maine

Kevin
    $1600 24
cis

Robin
    $1600 29
Pretty Woman

Stephanie
    $3,000 4
the nave

Robin
    $1600 9
Zapata

Robin
    $2000 15
a gypsy moth

Robin
    $2000 20
(Robin: What is Casablanca?)

Marrakesh

Robin
Triple Stumper
    $2000 25
(Alex: Supreme Court of the United States.)

SCOTUS

Robin
    $2000 30
My Own Private Idaho

Triple Stumper
    $2000 5
a chalet

Robin
    $2000 10
John Peter Zenger

Triple Stumper

Scores at the end of the Double Jeopardy! Round:

Kevin Robin Stephanie
$12,200 $14,000 $9,400

[wagering suggestions for these scores]

Final Jeopardy! Round responses

FICTIONAL CHARACTERS
(Alex: And the word that gave us "picaresque" is "picaro," Spanish for "rogue.")
StephanieWho is Figaro?
$8,000
KevinWho is ?
$6,601
RobinWho is Picard?
$10,401
Figaro

Final scores:

Kevin Robin Stephanie
$5,599 $3,599 $17,400
2nd place: $2,000 3rd place: $1,000 New champion: $17,400

Game dynamics:

Coryat scores:

Kevin Robin Stephanie
$16,200 $12,600 $9,400
23 R,
3 W
(including 2 DDs)
13 R
(including 1 DD),
2 W
15 R,
2 W

Combined Coryat: $38,200

The J! Archive is created by fans, for fans. The Jeopardy! game show and all elements thereof, including but not limited to copyright and trademark thereto, are the property of Jeopardy Productions, Inc. and are protected under law. This website is not affiliated with, sponsored by, or operated by Jeopardy Productions, Inc. Join the discussion at JBoard.tv.